Sociología de la política (Registro nro. 5654)

Detalles MARC
000 -LEADER
fixed length control field 00924 a2200217 4500
001 - CONTROL NUMBER
control field 54579
005 - DATE AND TIME OF LATEST TRANSACTION
control field 20260407155819.0
008 - FIXED-LENGTH DATA ELEMENTS--GENERAL INFORMATION
fixed length control field 260407a1975 arg spa d
003 - CONTROL NUMBER IDENTIFIER
control field AR-UNSa-BCEJYS
040 ## - CATALOGING SOURCE
Original cataloging agency AR-UNSa-BCEJYS
Language of cataloging spa
Transcribing agency AR-UNSa-BCEJYS
080 ## - UNIVERSAL DECIMAL CLASSIFICATION NUMBER
Universal Decimal Classification number 316.334.3
Common auxiliary subdivision Sociología de subsistemas e instituciones políticas. Sociología política
020 ## - INTERNATIONAL STANDARD BOOK NUMBER
International Standard Book Number 84-344-1669-7
041 ## - LANGUAGE CODE
Language code of text/sound track or separate title spa
100 1# - MAIN ENTRY--PERSONAL NAME
Personal name Duverger, Maurice
245 10 - TITLE STATEMENT
Title Sociología de la política
Name of part/section of a work Elementos de ciencia política
264 #1 - PRODUCTION, PUBLICATION, DISTRIBUTION, MANUFACTURE, AND COPYRIGHT NOTICE
Place of production, publication, distribution, manufacture Barcelona :
Name of producer, publisher, distributor, manufacturer Ariel
Date of production, publication, distribution, manufacture, or copyright notice 1975
300 ## - PHYSICAL DESCRIPTION
Extent 461 p.
Dimensions 19 cm.
505 ## - FORMATTED CONTENTS NOTE
Formatted contents note Primera parte: Conjuntos sociales - I. Las colectividades - II. Las culturas - Segunda parte: Estructuras sociales - III. Jerarquías y poderes - IV. Organizaciones y funciones - Tercera parte: Sistemas sociales - V. Los modelos de sistemas - VI. Los sistemas políticos
590 ## - LOCAL NOTE (RLIN)
Local note niveau_biblio:m niveau_hierar:0
942 ## - ADDED ENTRY ELEMENTS (KOHA)
Koha item type
Existencias
Withdrawn status Lost status Damaged status Not for loan Home library Current library Shelving location Date acquired Total checkouts Full call number Barcode Date last seen Price effective from Koha item type
        Biblioteca Prof. Eusebio Cleto del Rey Biblioteca Prof. Eusebio Cleto del Rey   07/04/2026   316.334.3 D985s L45650 07/04/2026 07/04/2026 Libro